00850nam a22002537a 450000500170000001000110001702000100002803500110003803700160004904000120006508200160007710000310009324500450012424600060016926000410017527000500021630000200026649000250028665000480031165000340035994200250039399900190041895201590043720170124105952.0 a503677 c02.00 a503677 bCen Lib/Ret aDPLbEN a230.33bMAH aMahadevan, T. M. P.911970 aSankaracharya /cby T. M. P. Mahadevan  b  bNational Book TrustaNew Delhic1968 aThe Secretary, National Book TrustbNew Delhi a119p.c18cm(Hb) aNational Book Series aPhilosophers -- India -- Biography. 913787 aŚaṅkarācārya. 913788 2ddccENh230.22mMAH c125344d125344 04104070aLbLd2015-06-20eCen Lib/Retg2.00l0o230.33 MAHp503677r2015-06-20 00:00:00t1v2.00w2015-06-20yENzW/d List No. 6894/4 ; dtd 17/10/2020